000 00917nam a2200217Ia 4500
999 _c37483
_d37483
001 3445
003 GE_BSU
005 20190618142954.0
008 181216s1985||||ge |||||||||||||| ||geo||
040 _cGE_BSU
041 _ageo
080 _a635.9 გ–12
100 _aგაბრიჩიძე, გიორგი
_92536
245 _aდეკორატიულად მოყვავილე ბალახოვანი მცენარეები /
_cგიორგი გაბრიჩიძე ; რედ. ვ. პაპუნიძე.
264 _aბათუმი :
_bსაბჭ. აჭარა,
_c1985.
300 _a100 გვ. ;
_b20 სმ.
653 _aმებოსტნეობა
653 _aდეკორატიული მეყვავილეობა
700 _aპაპუნიძე, ვ.
_eრედაქტორი
_92537
942 _cBK
_2udc